[Event "Memorial Crespi (open)"]
[Site "masterchessopen.com - Milan (Italy)"]
[Date "2010.12.04"]
[Round "1"]
[White "Pienabarca Nicola (ITA)"]
[Black "Aranovitch Emiliano (ITA)"]
[Result "0-1"]
[WhiteElo "2066"]
[BlackElo "2335"]

1.d4 Nf6 2.Nf3 g6 3.g3 Bg7 4.Bg2 c5 5.d5 O-O 6.O-O d6 7.c4 e6 8.Nc3 exd5
9.cxd5 a6 10.a4 Re8 11.Nd2 Nbd7 12.Nc4 Ne5 13.Na3 b5 14.axb5 axb5 15.Ncxb5 Ba6
16.Bf4 Nh5 17.Bd2 Qb6 18.Nc3 Qxb2 19.Na4 Qb8 20.Rb1 Qa7 21.Nb6 Rab8 22.Qa4 Re7
23.Nbc4 Bxc4 24.Qxa7 Rxa7 25.Rxb8+ Bf8 26.f4 Nd7 27.Rxf8+ Kxf8 28.Nxc4 Ke7
29.e4 Ra4 30.e5 Nhf6 {#R} 0-1

[Event "It (open)"]
[Site "masterchessopen.com - Plzen (Czech Republic)"]
[Date "2010.12.09"]
[Round "7"]
[White "Kozak Milos (CZE)"]
[Black "Sott Pavel (CZE)"]
[Result "1-0"]
[WhiteElo "2213"]
[BlackElo "2203"]

1.d4 Nf6 2.c4 c5 3.d5 e6 4.Nc3 exd5 5.cxd5 d6 6.Nf3 g6 7.g3 Bg7 8.Bg2 O-O
9.O-O a6 10.a4 Nbd7 11.Nd2 Re8 12.h3 b6 13.Nc4 Ne5 14.Na3 Rb8 15.f4 Ned7 16.e4
Qc7 17.Qd3 b5 18.axb5 axb5 19.Naxb5 Qb6 20.Na3 c4+ 21.Qe3 Qxe3+ 22.Bxe3 Rxb2
23.Nxc4 Rc2 24.Rac1 Rxc3 25.Rxc3 Nxe4 26.Bxe4 Bxc3 27.Nxd6 Re7 28.Rc1 Bb4
29.Rxc8+ Kg7 30.Ne8+ Kh6 31.f5+ g5 32.Rc6+ f6 33.Nxf6 Nxf6 34.Rxf6+ Kg7 35.Re6
{#r} 1-0

[Event "Ch Europe (blitz)"]
[Site "masterchessopen.com - Warsaw (Poland)"]
[Date "2010.12.17"]
[Round "3"]
[White "Stupak Kirill (BLR)"]
[Black "Gashimov Vugar (AZE)"]
[Result "0-1"]
[WhiteElo "2502"]
[BlackElo "2719"]

1.d4 Nf6 2.g3 c5 3.d5 e6 4.c4 exd5 5.cxd5 d6 6.Nc3 g6 7.Nf3 Bg7 8.Bg2 O-O
9.O-O Re8 10.Nd2 a6 11.a4 Nbd7 12.h3 Rb8 13.Nc4 Ne5 14.Na3 Nh5 15.Kh2 Bd7
16.a5 Qxa5 17.f4 b5 18.fxe5 Bxe5 19.Bf4 Nxf4 20.Nc4 bxc4 21.Rxa5 Nxg2 22.Kxg2
Rxb2 23.Ne4 Bf5 24.Rxf5 gxf5 25.Ng5 Bf6 26.Nf3 Rexe2+ 27.Kh1 c3 28.Ra1 c2
29.Qxe2 Rb1+ 30.Qf1 Bxa1 {#R} 0-1

[Event "It (open)"]
[Site "masterchessopen.com - Geneva (Switzerland)"]
[Date "2010.12.27"]
[Round "3"]
[White "Valsecchi Alessio (ITA)"]
[Black "Zelcic Robert (CRO)"]
[Result "0-1"]
[WhiteElo "2331"]
[BlackElo "2554"]

1.d4 Nf6 2.c4 e6 3.g3 c5 4.d5 exd5 5.cxd5 d6 6.Nc3 g6 7.Bg2 Bg7 8.Nf3 O-O
9.O-O a6 10.a4 Re8 11.Nd2 Nbd7 12.h3 Rb8 13.Nc4 Nb6 14.Na3 Bd7 15.a5 Nc8
16.Nc4 Bb5 17.Qb3 Na7 18.g4 Bxc4 19.Qxc4 Nd7 20.e4 Ne5 21.Qe2 c4 22.Be3 Nb5
23.Bb6 Qd7 24.Nxb5 axb5 25.Rad1 Nd3 26.Rxd3 cxd3 27.Qxd3 Rbc8 28.Rb1 Rc4
29.Be3 Rec8 30.Bf1 Qe7 31.Bg2 b4 32.b3 Rc2 33.Qb5 R8c3 34.Qxb4 h5 35.Bd4 Rc1+
36.Rxc1 Rxc1+ 37.Bf1 Qxe4 38.Qd2 Qb1 {#R} 0-1

[Event "It (open)"]
[Site "masterchessopen.com - Geneva (Switzerland)"]
[Date "2010.12.28"]
[Round "4"]
[White "Schultz Raphael (FRA)"]
[Black "Valsecchi Alessio (ITA)"]
[Result "0-1"]
[WhiteElo "2120"]
[BlackElo "2331"]

1.c4 Nf6 2.Nc3 g6 3.g3 Bg7 4.Bg2 O-O 5.d4 c5 6.d5 d6 7.Nf3 a6 8.O-O e6 9.a4
exd5 10.cxd5 Re8 11.Nd2 Nbd7 12.h3 Rb8 13.Nc4 Ne5 14.Na3 Nh5 15.e3 f5 16.Ne2
b5 17.Nf4 Nxf4 18.exf4 Nc4 19.Nxc4 bxc4 20.Qc2 Rb4 21.Rd1 Bd7 22.Ra2 Qa5
23.Qd2 Kf7 24.Re1 Rxa4 {#R} 0-1

[Event "Ch Germany (juniors) (club) (under 16)"]
[Site "masterchessopen.com - Naumburg (Germany)"]
[Date "2010.12.30"]
[Round "7"]
[White "Weber Max (GER)"]
[Black "Bender Andreas (GER)"]
[Result "0-1"]
[WhiteElo "2004"]
[BlackElo "1874"]

1.d4 e6 2.c4 Nf6 3.g3 c5 4.d5 exd5 5.cxd5 d6 6.Nc3 g6 7.Bg2 Bg7 8.Nf3 O-O
9.O-O Re8 10.Nd2 a6 11.a4 Nbd7 12.h3 Rb8 13.Nc4 Ne5 14.Na3 Qc7 15.f4 Ned7
16.e4 c4 17.Re1 Nc5 18.Nxc4 Ncxe4 19.Nxe4 Nxe4 20.Qd3 f5 21.Bd2 Bd7 22.Rac1
Nc5 23.Qa3 b5 24.axb5 axb5 25.Ba5 Qa7 26.Nxd6 Nd3+ 27.Kh2 Rxe1 28.Rxe1 Nxe1
29.Bxe1 Qxa3 30.bxa3 Rb6 {#R} 0-1

[Event "Czech League 2010/11 (2nd) (b)"]
[Site "masterchessopen.com - Czech Republic"]
[Date "2011.01.09"]
[Round "5"]
[White "Vales Vaclav (CZE)"]
[Black "Vozka Pavel (CZE)"]
[Result "1-0"]
[WhiteElo "2203"]
[BlackElo "2270"]

1.d4 Nf6 2.Nf3 e6 3.c4 c5 4.d5 exd5 5.cxd5 d6 6.Nc3 g6 7.g3 Bg7 8.Bg2 O-O
9.O-O a6 10.a4 Re8 11.Nd2 Nbd7 12.Nc4 Ne5 13.Na3 Nh5 14.Bd2 f5 15.Qc1 Rb8
16.Rb1 b5 17.b4 Nd7 18.axb5 cxb4 19.Rxb4 Nc5 20.Bf3 Nf6 21.Nc4 axb5 22.Nxb5
Nfe4 23.Nbxd6 Ra8 24.Bxe4 Rxe4 25.Bg5 Qf8 26.Nxe4 Nxe4 27.Rb3 Ba6 28.Nb6 Nxg5
29.Qxg5 Re8 30.Rc1 Qd6 31.Qd2 Re4 32.e3 h5 33.Qa5 Bb7 34.Rd1 h4 35.Nc4 Qd7
36.Qa7 Re7 37.d6 Qc6 38.Rxb7 Rxb7 39.Qa8+ Bf8 40.Na5 Qf3 {#r} 1-0

[Event "It (cat.2) (a)"]
[Site "masterchessopen.com - Marianske Lazne (Czech Republic)"]
[Date "2011.01.17"]
[Round "3"]
[White "Dimitrijeski Boris (GER)"]
[Black "Marholev Dimitar (BUL)"]
[Result "0-1"]
[WhiteElo "2222"]
[BlackElo "2355"]

1.d4 Nf6 2.c4 c5 3.d5 e6 4.Nc3 exd5 5.cxd5 d6 6.Nf3 g6 7.g3 Bg7 8.Bg2 O-O
9.O-O a6 10.a4 Re8 11.Nd2 Nbd7 12.h3 Rb8 13.Nc4 Nb6 14.Na3 Bd7 15.e4 Qc7
16.Re1 Nc8 17.Qd3 Na7 18.Nc4 b5 19.axb5 Nxb5 20.Na5 Nd4 21.Nc6 Bxc6 22.dxc6 a5
23.Bf4 Nh5 24.Nd5 Nxf4 25.gxf4 Qxc6 26.Rxa5 Rxb2 27.Qc4 Rc2 28.Qa6 Qxa6
29.Rxa6 Rd8 30.Rb1 Ne2+ 31.Kh1 Nc3 32.Ne7+ Kh8 33.Rb7 Bh6 34.Nd5 Nxd5 35.Rxf7
Rc1+ 36.Bf1 Nxf4 37.Raa7 Rxf1+ 38.Kh2 Kg8 39.Rxh7 Bf8 {#R} 0-1

[Event "It (cat.2) (a)"]
[Site "masterchessopen.com - Marianske Lazne (Czech Republic)"]
[Date "2011.01.19"]
[Round "6"]
[White "Dimitrijeski Boris (GER)"]
[Black "Jurek Josef (CZE)"]
[Result "1-0"]
[WhiteElo "2222"]
[BlackElo "2337"]

1.d4 Nf6 2.c4 e6 3.g3 c5 4.d5 exd5 5.cxd5 d6 6.Nc3 g6 7.Bg2 Bg7 8.Nf3 O-O
9.O-O a6 10.a4 Re8 11.Nd2 Nbd7 12.h3 Rb8 13.Nc4 Nb6 14.Na3 Na8 15.e4 Nc7 16.a5
Bd7 17.Re1 Nb5 18.Nc4 Nxc3 19.bxc3 Bb5 20.Nb6 Nd7 21.Nxd7 Qxd7 22.Qc2 f5
23.Bf4 fxe4 24.Bxe4 Bc4 25.Rab1 Be5 26.Bxe5 Rxe5 27.Bxg6 hxg6 28.Rxe5 dxe5
29.Qxg6+ Qg7 30.Qe6+ Kh8 31.Re1 Rf8 32.Rxe5 Bd3 33.d6 Bg6 34.Rxc5 Re8 35.Rc8
Rxc8 36.Qxc8+ Kh7 37.Qe6 Qxc3 38.Qe7+ Kh6 39.d7 Qc1+ 40.Kh2 Qb2 41.Qe3+ {#r}
1-0

[Event "It (open)"]
[Site "masterchessopen.com - Chennai (India)"]
[Date "2011.01.21"]
[Round "5"]
[White "Jagadeesh A K (IND)"]
[Black "Chatterjee Debaraj (BAN)"]
[Result "0-1"]
[WhiteElo "2100"]
[BlackElo "2333"]

1.d4 Nf6 2.c4 c5 3.d5 e6 4.Nc3 exd5 5.cxd5 d6 6.Nf3 g6 7.g3 Bg7 8.Bg2 O-O
9.Nd2 a6 10.a4 Nbd7 11.O-O Re8 12.h3 Rb8 13.Nc4 Ne5 14.Na3 Nh5 15.e4 Bd7
16.Kh2 b5 17.f4 b4 18.fxe5 Bxe5 19.Rf3 bxc3 20.bxc3 Nxg3 21.Rxg3 h5 22.Nc4 h4
23.Nxe5 hxg3+ 24.Kxg3 Rxe5 25.Bf3 Qf6 26.Qd3 Kg7 27.c4 Rh8 28.Bg2 Reh5 {#R}
0-1

[Event "It (open) \"]
[Site "masterchessopen.com - Caleta (England)"]
[Date "2011.01.29"]
[Round "5"]
[White "Zatonskih Anna (USA)"]
[Black "Kacheishvili Giorgi (GEO)"]
[Result "0-1"]
[WhiteElo "2508"]
[BlackElo "2589"]

1.d4 Nf6 2.c4 g6 3.Nc3 Bg7 4.Nf3 O-O 5.g3 c5 6.d5 d6 7.Bg2 e6 8.O-O exd5
9.cxd5 Re8 10.Nd2 a6 11.a4 Nbd7 12.h3 Rb8 13.Nc4 Ne5 14.Na3 Nh5 15.e4 Bd7
16.Ne2 b5 17.g4 Nf6 18.Qc2 c4 19.axb5 axb5 20.Nd4 Nd3 21.Be3 Nxe4 22.Naxb5
Rxb5 23.Nxb5 Bxb5 24.Rfb1 Nec5 25.Ra3 h6 26.Bf1 Qf6 27.b3 cxb3 28.Raxb3 Nxb3
29.Qxb3 Rxe3 30.fxe3 Qf2+ 31.Kh1 Be5 32.Bg2 Qg3 33.Kg1 Qxe3+ 34.Kh1 Nf2+ {#R}
0-1

[Event "Memorial G.Tringov (open)"]
[Site "masterchessopen.com - Plovdiv (Bulgaria)"]
[Date "2011.02.01"]
[Round "4"]
[White "Todorov Ognjan (BUL)"]
[Black "Jianu Vlad-Cristian (ROM)"]
[Result "0-1"]
[WhiteElo "2300"]
[BlackElo "2502"]

1.d4 Nf6 2.c4 c5 3.d5 e6 4.Nc3 exd5 5.cxd5 d6 6.Nf3 g6 7.g3 Bg7 8.Bg2 O-O
9.O-O Re8 10.Nd2 Nbd7 11.a4 a6 12.a5 Rb8 13.Ra2 Nh5 14.Nc4 Ne5 15.Nb6 f5 16.e4
fxe4 17.Nxc8 Rxc8 18.Nxe4 Nf7 19.Bd2 Rc7 20.Bc3 Ng5 21.Bxg7 Nxg7 22.Nd2 Nf5
23.h4 Nf7 24.Ne4 Qe7 25.b3 Qe5 26.Re2 Rce7 27.Rfe1 Qg7 28.Qd2 Kh8 29.Kh2 Ne5
30.g4 Nd4 {#R} 0-1

[Event "It (cat.6)"]
[Site "masterchessopen.com - Kireevsk (Russia)"]
[Date "2011.02.03"]
[Round "5"]
[White "Gusev Aleksey (RUS)"]
[Black "Stepanov Alexander M (RUS)"]
[Result "1-0"]
[WhiteElo "2414"]
[BlackElo "2159"]

1.d4 Nf6 2.c4 c5 3.d5 d6 4.Nc3 g6 5.g3 Bg7 6.Bg2 O-O 7.Nf3 e6 8.O-O exd5
9.cxd5 a6 10.a4 Nbd7 11.Nd2 Re8 12.h3 Rb8 13.Nc4 Ne5 14.Na3 Qc7 15.f4 Ned7
16.e4 c4 17.Be3 Nc5 18.e5 Nb3 19.Ra2 Nd7 20.Ne4 dxe5 21.Nxc4 exf4 22.Rxf4 Nd4
23.Ncd6 Rf8 24.Bxd4 f5 25.Bxg7 Kxg7 26.Qd4+ Kg8 27.Nxc8 {#r} 1-0

[Event "Bundesliga 2010/11"]
[Site "masterchessopen.com - Germany"]
[Date "2011.02.05"]
[Round "8"]
[White "Swinkels Robin (NED)"]
[Black "Cyborowski Lukasz (POL)"]
[Result "0-1"]
[WhiteElo "2494"]
[BlackElo "2543"]

1.d4 Nf6 2.c4 e6 3.g3 c5 4.d5 exd5 5.cxd5 d6 6.Nc3 g6 7.Bg2 Bg7 8.Nf3 a6 9.a4
O-O 10.O-O Re8 11.Nd2 Nbd7 12.h3 Qc7 13.Nc4 Nb6 14.Na3 Bd7 15.e4 Rab8 16.a5
Nc8 17.Nc4 Bb5 18.Qb3 Bxc4 19.Qxc4 Nd7 20.f4 b5 21.axb6 Ncxb6 22.Qe2 c4 23.f5
Nc5 24.Bg5 Be5 25.Kh2 Nbd7 26.Qxc4 Rxb2 27.Rf3 f6 28.Bf4 g5 29.Bc1 Rc2 30.Nb5
axb5 31.Qxc2 Bxa1 32.h4 h6 33.Ra3 Be5 34.Qd1 Nf8 35.Qh5 Rb8 36.Qxh6 b4 {#R}
0-1

[Event "Ch Turkey"]
[Site "masterchessopen.com - Kemer (Turkey)"]
[Date "2011.02.09"]
[Round "6"]
[White "Dogan Ali Ekber (TUR)"]
[Black "Karatekin Tamer (TUR)"]
[Result "1-0"]
[WhiteElo "2156"]
[BlackElo "2289"]

1.d4 Nf6 2.c4 e6 3.g3 c5 4.d5 exd5 5.cxd5 d6 6.Nc3 g6 7.Nf3 Bg7 8.Bg2 O-O
9.O-O Re8 10.Nd2 a6 11.a4 Nbd7 12.h3 Rb8 13.Nc4 Ne5 14.Na3 Nh5 15.f4 Nxg3
16.fxe5 Nxf1 17.Qxf1 Bxe5 18.Nc4 Bd4+ 19.e3 Bxc3 20.bxc3 b5 21.axb5 axb5
22.Na5 Qh4 23.Nc6 Rb7 24.Ra8 f5 25.Bd2 Qg3 26.Qf2 Qxf2+ 27.Kxf2 Bd7 28.Ra5 Kf7
29.Bf1 c4 30.Ra6 Kf6 31.Bc1 Bxc6 32.dxc6 Rc7 33.Bg2 Rb8 34.Ba3 Ke5 35.Bb4 d5
36.Ba5 Re7 37.c7 Rc8 38.Rc6 Rd7 39.Rc5 Ke6 40.Rxb5 Rdxc7 41.Bxd5+ Kd6 42.Bxc7+
Rxc7 43.Rb7 Kxd5 {#r} 1-0

[Event "Ch England (team) 2010/11 (2 div)"]
[Site "masterchessopen.com - England"]
[Date "2011.02.20"]
[Round "6"]
[White "Tyomkyn Mikhail (GER)"]
[Black "Kett T (WLS)"]
[Result "0-1"]
[WhiteElo "2096"]
[BlackElo "2184"]

1.d4 Nf6 2.c4 e6 3.g3 c5 4.d5 exd5 5.cxd5 d6 6.Nc3 g6 7.Bg2 Bg7 8.Nf3 O-O
9.O-O a6 10.a4 Re8 11.Nd2 Nbd7 12.h3 Rb8 13.Nc4 Ne5 14.Na3 Nh5 15.e4 Rf8 16.g4
Qh4 17.gxh5 Bxh3 18.h6 Bh8 19.Nc2 f5 20.f4 Qg3 21.Qe2 Ng4 22.Rf2 Qh2+ 23.Kf1
Qh1# 0-1

[Event "Ch Poland (juniors) (under 18)"]
[Site "masterchessopen.com - Murzasichle (Poland)"]
[Date "2011.03.09"]
[Round "6"]
[White "Bartoszek Michal (POL)"]
[Black "Grochulski Grzegorz (POL)"]
[Result "0-1"]
[WhiteElo "1724"]
[BlackElo "2061"]

1.d4 Nf6 2.c4 c5 3.d5 e6 4.Nc3 exd5 5.cxd5 d6 6.g3 g6 7.Bg2 Bg7 8.Nf3 O-O
9.O-O Re8 10.Nd2 a6 11.a4 Nbd7 12.Nc4 Ne5 13.Nxe5 Rxe5 14.e4 b6 15.Re1 Rb8
16.Bf4 Re8 17.h3 Nh5 18.Be3 b5 19.axb5 axb5 20.Qd2 b4 21.Ne2 Nf6 22.f3 Bd7
23.Ra7 Ra8 24.Rea1 Rxa7 25.Rxa7 Qb8 26.Ra5 Qc7 27.Ra1 Bb5 28.Rc1 Qa5 29.Kf2
Qa6 30.Rc2 Nd7 31.Bf4 Bd3 32.Rc1 Bxe2 33.Qxe2 Qxe2+ 34.Kxe2 Bxb2 35.Rc2 Be5
36.Bxe5 Nxe5 37.f4 Nd7 38.Kd2 Ra8 39.Bf1 f6 {#R} 0-1

[Event "It (w)"]
[Site "masterchessopen.com - Belgrade (Serbia)"]
[Date "2011.03.10"]
[Round "5"]
[White "Dragomirescu Angela (ROM)"]
[Black "Voiska Margarita (BUL)"]
[Result "1-0"]
[WhiteElo "2216"]
[BlackElo "2336"]

1.d4 Nf6 2.c4 e6 3.g3 c5 4.d5 exd5 5.cxd5 d6 6.Nc3 g6 7.Bg2 Bg7 8.Nf3 O-O
9.O-O Re8 10.Nd2 a6 11.a4 Nbd7 12.Nc4 Ne5 13.Na3 Nh5 14.h3 Rb8 15.Kh2 f5 16.f4
Nf7 17.Qb3 Bd7 18.Bd2 Nf6 19.Rfd1 b5 20.axb5 axb5 21.Naxb5 Ne4 22.Bc1 c4
23.Qxc4 Bxb5 24.Nxb5 Qb6 25.Nc3 Qf2 26.Rf1 Qxg3+ 27.Kg1 Rbc8 28.Nxe4 fxe4
29.Qa4 Nh6 30.Bd2 Nf5 31.Ra3 e3 32.Be1 {#r} 1-0

[Event "Czech League 2010/11 (krajsky prebor)"]
[Site "masterchessopen.com - Czech Republic"]
[Date "2011.03.20"]
[Round "10"]
[White "Pinc Miroslav (CZE)"]
[Black "Purnoch Josef (CZE)"]
[Result "0-1"]
[WhiteElo "2197"]
[BlackElo "2127"]

1.d4 Nf6 2.Nf3 c5 3.d5 e6 4.c4 exd5 5.cxd5 d6 6.Nc3 g6 7.g3 Bg7 8.Bg2 O-O
9.O-O Re8 10.Nd2 a6 11.a4 Nbd7 12.a5 b5 13.axb6 Nxb6 14.h3 Bd7 15.e4 Bb5
16.Re1 Nh5 17.Nf3 Nc4 18.g4 Nf6 19.Nxb5 axb5 20.Rxa8 Qxa8 21.b3 Nb6 22.Qc2
Nfd7 23.Bf4 Qb8 24.Bf1 c4 25.Qb1 Qc7 26.bxc4 bxc4 27.Qb4 Nc5 28.Rb1 Rxe4
29.Bxd6 Qxd6 30.Qxb6 Qxd5 31.Bg2 Re8 32.Qb5 Rc8 33.Ne1 Qd4 34.Nf3 Qc3 35.Re1
Ne6 36.Qd7 Ra8 37.Kh2 h6 38.Qd5 Ra2 39.Re4 Rxf2 40.Qxc4 Qxf3 {#R} 0-1

[Event "Ch UrFO (open)"]
[Site "masterchessopen.com - Cheliabinsk (Russia)"]
[Date "2011.03.23"]
[Round "6"]
[White "Bulatov Ramil (RUS)"]
[Black "Solovjev Nikolay (RUS)"]
[Result "0-1"]
[WhiteElo "2147"]
[BlackElo "2159"]

1.d4 Nf6 2.c4 c5 3.d5 e6 4.Nc3 exd5 5.cxd5 d6 6.Nf3 g6 7.g3 Bg7 8.Bg2 O-O
9.O-O Re8 10.Nd2 a6 11.a4 Nbd7 12.h3 Qc7 13.Nc4 Nb6 14.Na3 c4 15.e4 Nbd7
16.Qd4 Nxe4 17.Qxc4 Nec5 18.Ne4 Nb6 19.Qc2 Bf5 20.Re1 Nxd5 21.Qd1 Nb4 22.Nxc5
dxc5 23.Bf4 Rxe1+ 24.Qxe1 Qd7 25.Rd1 Qxa4 26.Bxb7 Re8 27.Qd2 Nd3 28.Be3 Nxb2
{#R} 0-1

[Event "It (cat.2)"]
[Site "masterchessopen.com - Budapest (Hungary)"]
[Date "2011.04.09"]
[Round "8"]
[White "To Nhat Minh (HUN)"]
[Black "Nagy Ervin (HUN)"]
[Result "1-0"]
[WhiteElo "2298"]
[BlackElo "2269"]

1.d4 Nf6 2.c4 c5 3.d5 g6 4.Nc3 Bg7 5.Nf3 O-O 6.g3 e6 7.Bg2 exd5 8.cxd5 d6
9.O-O Re8 10.Nd2 Nbd7 11.a4 a6 12.Nc4 Nb6 13.Na3 Bd7 14.h3 Qc7 15.Re1 Nxa4
16.Nxa4 b5 17.Nc3 b4 18.Bd2 bxa3 19.Rxa3 Bc8 20.e4 Rb8 21.Qc2 Nd7 22.f4 f5
23.exf5 Rxe1+ 24.Bxe1 gxf5 25.Qxf5 Rxb2 26.Qe6+ Kh8 27.Ne4 Bd4+ 28.Bf2 Nf6
29.Bxd4 Rb1+ 30.Kh2 Bxe6 31.Bxf6+ Kg8 32.dxe6 Qb6 33.e7 Kf7 34.Re3 Ke8 35.Bg5
{#r} 1-0

[Event "Ch Europe (seniors)"]
[Site "masterchessopen.com - Courmayeur (Italy)"]
[Date "2011.04.09"]
[Round "4"]
[White "Vikulov Alexander (RUS)"]
[Black "Butnorius Algimantas (LTU)"]
[Result "0-1"]
[WhiteElo "2321"]
[BlackElo "2388"]

1.d4 Nf6 2.c4 e6 3.g3 c5 4.d5 exd5 5.cxd5 d6 6.Nc3 g6 7.Bg2 Bg7 8.Nf3 O-O
9.O-O a6 10.a4 Re8 11.Nd2 Nbd7 12.Nc4 Ne5 13.Na3 Nh5 14.h3 f5 15.e4 Nf6 16.f4
Nf7 17.exf5 Bxf5 18.Nc4 Ne4 19.Nxe4 Bxe4 20.a5 Bxg2 21.Kxg2 Re4 22.Nb6 Rb8
23.Ra4 Bd4 24.b3 Qe7 25.Ra2 Re8 26.Nc4 Qf6 27.Qf3 Qf5 28.Nb6 Re1 29.Rxe1 Rxe1
30.Bd2 Rg1+ 31.Kh2 Qb1 32.Ra4 Rf1 {#R} 0-1

[Event "It (open)"]
[Site "masterchessopen.com - Dubai (United Arab Emirates)"]
[Date "2011.04.13"]
[Round "4"]
[White "Arabi Saeid (IRI)"]
[Black "Swapnil S Dhopade (IND)"]
[Result "0-1"]
[WhiteElo "2153"]
[BlackElo "2411"]

1.d4 Nf6 2.c4 e6 3.g3 c5 4.d5 exd5 5.cxd5 d6 6.Nc3 g6 7.Bg2 Bg7 8.Nf3 O-O
9.O-O Re8 10.Nd2 a6 11.a4 Nbd7 12.Nc4 Ne5 13.Na3 Nh5 14.h3 f5 15.e4 b5 16.Nab1
b4 17.Ne2 fxe4 18.Nd2 Nd3 19.Nc4 a5 20.g4 Nf6 21.Bg5 Ba6 22.b3 h6 23.Bh4 g5
24.Bg3 Nxd5 25.Bxe4 Rxe4 26.Qxd3 Nf6 27.f3 Re6 28.Qc2 d5 29.Rad1 Qe7 30.Ne5
Rxe5 {#R} 0-1

[Event "It (open)"]
[Site "masterchessopen.com - Donostia (Spain)"]
[Date "2011.04.16"]
[Round "1"]
[White "Etxagibel Larranaga Asier (ESP)"]
[Black "Dgebuadze Alexandre (BEL)"]
[Result "0-1"]
[WhiteElo "2029"]
[BlackElo "2544"]

1.d4 Nf6 2.c4 e6 3.g3 c5 4.d5 exd5 5.cxd5 d6 6.Bg2 g6 7.Nc3 Bg7 8.Nf3 O-O
9.O-O Re8 10.Nd2 a6 11.a4 Nbd7 12.Nc4 Ne5 13.Nxe5 Rxe5 14.Bf4 Re8 15.a5 b5
16.axb6 Qxb6 17.Na4 Qd8 18.Re1 Ng4 19.Qd2 Bd4 20.Rf1 Bf6 21.h4 Rb8 22.Rab1 Rb4
23.Nc3 Qb6 24.Rfe1 Bg7 25.b3 Rxf4 26.gxf4 Qd8 27.e3 Qxh4 28.Nd1 Bd7 29.f3 Qh2+
30.Kf1 Bb5+ 31.Qe2 Bxe2+ 32.Rxe2 Nxe3+ 33.Nxe3 Bd4 {#R} 0-1

[Event "It (open)"]
[Site "masterchessopen.com - Donostia (Spain)"]
[Date "2011.04.20"]
[Round "5"]
[White "Trepat Herranz Joan (ESP)"]
[Black "Dgebuadze Alexandre (BEL)"]
[Result "0-1"]
[WhiteElo "2348"]
[BlackElo "2544"]

1.d4 Nf6 2.c4 e6 3.g3 c5 4.d5 exd5 5.cxd5 d6 6.Nc3 g6 7.Bg2 Bg7 8.Nf3 O-O
9.O-O a6 10.a4 Nbd7 11.Nd2 Re8 12.h3 Rb8 13.Nc4 Nb6 14.Na3 Bd7 15.e4 Nh5 16.a5
Nc8 17.Nc4 Bb5 18.Qb3 Na7 19.g4 Nf6 20.Bf4 Bxc4 21.Qxc4 h5 22.f3 hxg4 23.hxg4
Nh7 24.Bg3 Qd7 25.Qe2 Nf6 26.Bh3 Rbd8 27.Kg2 g5 28.Qd2 Nh7 29.Rh1 Nb5 30.Nxb5
Qxb5 31.Rab1 Qb3 32.Rhd1 c4 33.Rdc1 Rd7 34.Qc2 Qb5 35.Qxc4 Qxa5 36.b4 Qd8
37.b5 axb5 38.Rxb5 Nf8 39.Kg1 Ng6 40.Bf1 Be5 41.Bxe5 Nxe5 42.Qb3 Qf6 43.Kg2
Qf4 44.Rc2 Kg7 {#R} 0-1

[Event "Ch American Continent"]
[Site "masterchessopen.com - Toluca (Mexico)"]
[Date "2011.04.21"]
[Round "4"]
[White "Almeida Saenz Alfonso (MEX)"]
[Black "Barrientos Sergio (COL)"]
[Result "0-1"]
[WhiteElo "2363"]
[BlackElo "2507"]

1.d4 Nf6 2.c4 e6 3.Nf3 c5 4.d5 exd5 5.cxd5 d6 6.Nc3 g6 7.g3 Bg7 8.Bg2 O-O
9.O-O a6 10.a4 Re8 11.Nd2 Nbd7 12.Nc4 Nb6 13.Na3 Bd7 14.Bf4 Nc8 15.Nc4 Qc7
16.Re1 Rb8 17.e4 Nh5 18.Bd2 b5 19.axb5 axb5 20.Ne3 Nb6 21.Ra5 Nc8 22.Qa1 b4
23.Ncd1 Nb6 24.Ra7 Rb7 25.Rxb7 Qxb7 26.Qb1 Bb5 27.b3 Qa6 28.Bf1 Nf6 29.Bxb5
Qxb5 30.f3 Nfd7 31.Kg2 Bd4 32.Nf2 Ra8 33.Nc2 Bxf2 34.Kxf2 Ne5 35.Re3 Qa6
36.Qd1 Qa2 37.Ne1 c4 38.bxc4 Nbxc4 39.Re2 b3 40.Bc3 b2 41.Bxb2 Nxb2 42.Qc2
Nec4 {#R} 0-1

[Event "Ch Croatia (juniors) (team) (under 20)"]
[Site "masterchessopen.com - Sv. Filip i Jakov (Croatia)"]
[Date "2011.04.30"]
[Round "10"]
[White "Martinovic Sasa (CRO)"]
[Black "Al-Mufleh Tareq (CRO)"]
[Result "1-0"]
[WhiteElo "2513"]
[BlackElo "1811"]

1.Nf3 Nf6 2.g3 g6 3.Bg2 Bg7 4.c4 d6 5.d4 O-O 6.Nc3 c5 7.d5 e6 8.O-O exd5
9.cxd5 a6 10.a4 Re8 11.Nd2 Nbd7 12.Nc4 Ne5 13.Na3 Rb8 14.h3 Qa5 15.f4 Ned7
16.Nc4 Qc7 17.a5 b5 18.axb6 Nxb6 19.Na5 Bb7 20.e4 Ba8 21.Kh2 c4 22.Nc6 Rbc8
23.Rxa6 Bb7 24.Nb5 Bxa6 25.Nxc7 Rxc7 26.e5 dxe5 27.d6 Rd7 28.fxe5 Nh5 29.g4
{#r} 1-0

[Event "It (open)"]
[Site "masterchessopen.com - Warsaw (Poland)"]
[Date "2011.05.09"]
[Round "3"]
[White "Nguyen Peter (JNR)"]
[Black "Kaliszewski Tomasz (POL)"]
[Result "1-0"]
[WhiteElo "2397"]
[BlackElo "2060"]

1.d4 Nf6 2.c4 e6 3.g3 c5 4.d5 exd5 5.cxd5 d6 6.Nc3 g6 7.Bg2 Bg7 8.Nf3 O-O
9.O-O Re8 10.Nd2 Nbd7 11.a4 a6 12.h3 b6 13.Nc4 Ne5 14.Na3 Nh5 15.e4 f5 16.exf5
Bxf5 17.g4 Bxg4 18.hxg4 Qh4 19.gxh5 Ng4 20.Bf4 Bd4 21.Qf3 Rf8 22.Qg3 Qxh5
23.Bf3 Rxf4 24.Qxf4 Be5 25.Bxg4 Qh4 26.Be6+ {#r} 1-0

[Event "Ch Germany (juniors) (Internet) (under 18) (qual4)"]
[Site "masterchessopen.com - Internet"]
[Date "2011.05.11"]
[Round "7"]
[White "Wenninger Philipp (GER)"]
[Black "Kaphle Sebastian (GER)"]
[Result "1-0"]
[WhiteElo "2143"]
[BlackElo "2181"]

1.d4 Nf6 2.c4 c5 3.d5 e6 4.Nc3 exd5 5.cxd5 d6 6.g3 g6 7.Nf3 Bg7 8.Bg2 O-O
9.O-O a6 10.a4 Re8 11.Nd2 Nbd7 12.h3 Rb8 13.Nc4 Nb6 14.Na3 Qc7 15.e4 Bd7 16.a5
Nc8 17.Nc2 b5 18.axb6 Rxb6 19.Re1 Bb5 20.Be3 Nd7 21.Qd2 Ne5 22.Na3 Nc4 23.Nxc4
Bxc4 24.Rab1 Rb3 25.Ne2 Bd3 26.Nc1 Bxb1 27.Nxb3 Ba2 28.Na5 Qb6 29.Ra1 Bb3
30.Ra3 Bxd5 31.exd5 Na7 32.Nc4 Qc7 33.Rxa6 Nb5 34.Bf4 Nd4 35.Nxd6 Re2 36.Ra8+
Bf8 37.Qd1 Kg7 38.Ne8+ Rxe8 39.Bxc7 Rxa8 40.Be5+ f6 41.Bxd4 {#r} 1-0

[Event "Ch Europe (w)"]
[Site "masterchessopen.com - Tbilisi (Georgia)"]
[Date "2011.05.11"]
[Round "5"]
[White "Danielian Elina (ARM)"]
[Black "Cmilyte Viktorija (LTU)"]
[Result "0-1"]
[WhiteElo "2517"]
[BlackElo "2525"]

1.d4 Nf6 2.c4 e6 3.Nf3 c5 4.d5 exd5 5.cxd5 g6 6.g3 d6 7.Bg2 Bg7 8.O-O O-O
9.Nc3 Re8 10.Nd2 a6 11.a4 Nbd7 12.Nc4 Ne5 13.Na3 Nh5 14.h3 f5 15.Bd2 Bd7
16.Rb1 c4 17.Kh2 Rb8 18.Nc2 f4 19.Bxf4 Nxf4 20.gxf4 Qh4 21.fxe5 Qf4+ {#R} 0-1

[Event "Ch Germany (juniors) (Internet) (under 14) (final)"]
[Site "masterchessopen.com - Internet"]
[Date "2011.05.18"]
[Round "3"]
[White "Wagner Dennis (GER)"]
[Black "Kvetny Mark (GER)"]
[Result "1-0"]
[WhiteElo "2290"]
[BlackElo "2125"]

1.d4 Nf6 2.c4 e6 3.g3 c5 4.d5 exd5 5.cxd5 d6 6.Nc3 g6 7.Bg2 Bg7 8.Nf3 O-O
9.O-O Re8 10.Nd2 a6 11.a4 Nbd7 12.h3 Rb8 13.Nc4 Ne5 14.Na3 Nh5 15.e4 Bd7 16.a5
b5 17.axb6 Qxb6 18.g4 Nf6 19.f4 c4+ 20.Kh2 Nfxg4+ 21.hxg4 Nxg4+ 22.Kg3 g5
23.Nxc4 Qc5 24.Qd3 Rbc8 25.b3 h5 26.fxg5 Be5+ 27.Bf4 Bb5 28.Qf3 Bxc4 29.bxc4
Qxc4 30.Rac1 Bxc3 31.Bxd6 Rf8 32.Qf5 Be5+ 33.Bxe5 Qd3+ 34.Rf3 Qd2 35.g6 h4+
36.Kxh4 Qxg2 37.gxf7+ Rxf7 38.Qg6+ Kf8 39.Qxf7# 1-0